000 00902nam a2200265Ia 4500
003 OSt
005 20220923211235.0
006 a|||||r|||| 00| 0
007 ta
008 Pun
020 _a97881714365502 (hbk)
_c200
024 _a324,208
037 _b1008, 15/01/2018, H.K. Prakashan
_cTextual
040 _aARTS
_cARTS
_bPun
041 _2Pun
_aPun
082 _aO153,3N41:g, Q7
100 _aਮਲਕੀਤ ਸਿੰਘ, ਥਦ.
_9156363
245 0 _aਕੇਵਲ ਕਲੋਟੀ ਦੇ ਨਾਵਲ
260 _aਅੰਮ੍ਰਿਤਸਰ
_b ਰਵੀ ਸਾਹਿਤ ਪ੍ਰਕਾFਨ
_c2017
300 _a144ਪੰ
_ccm.
650 _a ਪੰਜਾਬੀ ਕਹਾਣੀ
650 _aਪੰਜਾਬੀ ਸਾਹਿਤ
942 _hO153,3N41:g, Q7
_cTEXL
_2CC
999 _c297482
_d297482